Data processing in Japan
সংরক্ষণ করুন:
| প্রধান লেখক: | |
|---|---|
| বিন্যাস: | গ্রন্থ |
| ভাষা: | Undetermined |
| প্রকাশিত: |
Amsterdam
North - Holland Publishing Company
1982
|
| বিষয়গুলি: | |
| ট্যাগগুলো: |
ট্যাগ যুক্ত করুন
কোনো ট্যাগ নেই, প্রথমজন হিসাবে ট্যাগ করুন!
|
| Thư viện lưu trữ: | Trung tâm Học liệu Trường Đại học Cần Thơ |
|---|
| LEADER | 00515nam a2200193Ia 4500 | ||
|---|---|---|---|
| 001 | CTU_82962 | ||
| 008 | 210402s9999 xx 000 0 und d | ||
| 082 | |a 001.64 | ||
| 082 | |b W438 | ||
| 100 | |a Welke, H. J. | ||
| 245 | 0 | |a Data processing in Japan | |
| 245 | 0 | |c H. J. Welke | |
| 260 | |a Amsterdam | ||
| 260 | |b North - Holland Publishing Company | ||
| 260 | |c 1982 | ||
| 650 | |a Electronic processing | ||
| 650 | |z Japan | ||
| 904 | |i Qhieu(sửa) | ||
| 980 | |a Trung tâm Học liệu Trường Đại học Cần Thơ | ||